000 00516nam a2200181Ia 4500
999 _c20750
_d20750
003 OSt
005 20230918150112.0
008 190216s9999||||xx |||||||||||||| ||und||
020 _a009967502
040 _coclc
082 _a809.93358
_bSAI/C
100 1 _aSaid, Edward W.
_92398
245 0 _aCulture & Imperialism /
_cEdward W Said
260 _bVintage Books,
_c1994.
_aNew Zealand
300 _a443p
650 _aWorld History
942 _cBK
_2ddc
_h809.93358
_iSAI/C
_k809.93358
_mSAI/C